Online katalóg knižníc regiónu Turca

Jedz lepšie, ži dlhšie (Record no. 22959)

MARC details
000 -LEADER
fixed length control field 02154cam a2200637 4500
001 - CONTROL NUMBER
control field 22959
003 - CONTROL NUMBER IDENTIFIER
control field SK-KTurca
005 - DATE AND TIME OF LATEST TRANSACTION
control field 20260513080358.0
008 - FIXED-LENGTH DATA ELEMENTS--GENERAL INFORMATION
fixed length control field 210701s2019 xo oa grnf 001 0 slo
015 ## - NATIONAL BIBLIOGRAPHY NUMBER
National bibliography number SNBA2020/08
020 ## - INTERNATIONAL STANDARD BOOK NUMBER
International Standard Book Number 9788055169804
Qualifying information (viazané)
035 ## - SYSTEM CONTROL NUMBER
System control number urn:nbn:sk:snk-am00ff1c
035 ## - SYSTEM CONTROL NUMBER
System control number urn:nbn:sk:snk-am3irg1
035 ## - SYSTEM CONTROL NUMBER
System control number 33A71EDD-4238-4AEA-95B6-37BDDA36434C
040 ## - CATALOGING SOURCE
Original cataloging agency SVKBB
Language of cataloging slo
Transcribing agency SVKBB
Modifying agency SNK
Description conventions rda
041 1# - LANGUAGE CODE
Language code of text/sound track or separate title slo
Language code of original eng
044 ## - COUNTRY OF PUBLISHING/PRODUCING ENTITY CODE
MARC country code xo
ISO country code SK
072 #7 - SUBJECT CATEGORY CODE
Subject category code 613
Subject category code subdivision Hygiena. Ľudské zdravie
Source konspekt
080 ## - UNIVERSAL DECIMAL CLASSIFICATION NUMBER
Universal Decimal Classification number 640
Edition identifier 2011
080 ## - UNIVERSAL DECIMAL CLASSIFICATION NUMBER
Universal Decimal Classification number 613.2
Edition identifier 2011
080 ## - UNIVERSAL DECIMAL CLASSIFICATION NUMBER
Universal Decimal Classification number 613
Edition identifier 2011
080 ## - UNIVERSAL DECIMAL CLASSIFICATION NUMBER
Universal Decimal Classification number 613/614
Edition identifier 2011
080 ## - UNIVERSAL DECIMAL CLASSIFICATION NUMBER
Universal Decimal Classification number 613:304.3
Edition identifier 2011
080 ## - UNIVERSAL DECIMAL CLASSIFICATION NUMBER
Universal Decimal Classification number 392.81
Edition identifier 2011
080 ## - UNIVERSAL DECIMAL CLASSIFICATION NUMBER
Universal Decimal Classification number (035)
Edition identifier 2011
100 1# - MAIN ENTRY--PERSONAL NAME
Personal name Brewer, Sarah,
Dates associated with a name 1958-
Relationship aut
240 10 - UNIFORM TITLE
Uniform title Eat Better, Live Longer
Language of a work Slovensky
245 10 - TITLE STATEMENT
Title Jedz lepšie, ži dlhšie
Remainder of title čo potrebuje tvoje telo, aby zostalo zdravé
Statement of responsibility, etc. Sarah Brewerová, Juliette Kellowová ; z anglického originálu Eat Better, Live Longer ... preložila Katarína Bukovenová
250 ## - EDITION STATEMENT
Edition statement Prvé vydanie
264 #1 - PRODUCTION, PUBLICATION, DISTRIBUTION, MANUFACTURE, AND COPYRIGHT NOTICE
Place of production, publication, distribution, manufacture Bratislava
Name of producer, publisher, distributor, manufacturer Ikar
Date of production, publication, distribution, manufacture, or copyright notice 2019
300 ## - PHYSICAL DESCRIPTION
Extent 224 strán
Other physical details fotografie, ilustrácie
Dimensions 24 cm
336 ## - CONTENT TYPE
Content type term text
Content type code txt
Source rdacontent
337 ## - MEDIA TYPE
Media type term bez média
Media type code n
Source rdamedia
338 ## - CARRIER TYPE
Carrier type term zväzok
Carrier type code nc
Source rdacarrier
490 1# - SERIES STATEMENT
Series statement Príroda
500 ## - GENERAL NOTE
General note Obsahuje biografické údaje o autorkách na strane 224
504 ## - BIBLIOGRAPHY, ETC. NOTE
Bibliography, etc. note Obsahuje bibliografiu na strane 214-219 ; register na strane 220-224
650 07 - SUBJECT ADDED ENTRY--TOPICAL TERM
Topical term or geographic name entry element stravovanie
Source of heading or term SNKPH
650 07 - SUBJECT ADDED ENTRY--TOPICAL TERM
Topical term or geographic name entry element zdravá výživa
Source of heading or term SNKPH
650 07 - SUBJECT ADDED ENTRY--TOPICAL TERM
Topical term or geographic name entry element životospráva
Source of heading or term SNKPH
650 07 - SUBJECT ADDED ENTRY--TOPICAL TERM
Topical term or geographic name entry element zdravie
Source of heading or term SNKPH
650 07 - SUBJECT ADDED ENTRY--TOPICAL TERM
Topical term or geographic name entry element zdravý životný štýl
Source of heading or term SNKPH
650 07 - SUBJECT ADDED ENTRY--TOPICAL TERM
Topical term or geographic name entry element Catering
Source of heading or term SNKPHeng
650 07 - SUBJECT ADDED ENTRY--TOPICAL TERM
Topical term or geographic name entry element Healthy eating
Source of heading or term SNKPHeng
650 07 - SUBJECT ADDED ENTRY--TOPICAL TERM
Topical term or geographic name entry element Health behavior
Source of heading or term SNKPHeng
650 07 - SUBJECT ADDED ENTRY--TOPICAL TERM
Topical term or geographic name entry element Health
Source of heading or term SNKPHeng
650 07 - SUBJECT ADDED ENTRY--TOPICAL TERM
Topical term or geographic name entry element Healthy lifestyle
Source of heading or term SNKPHeng
650 07 - SUBJECT ADDED ENTRY--TOPICAL TERM
Topical term or geographic name entry element Food habits
Source of heading or term SNKPHeng
650 07 - SUBJECT ADDED ENTRY--TOPICAL TERM
Topical term or geographic name entry element stravovacie návyky
Source of heading or term SNKPH
655 #7 - INDEX TERM--GENRE/FORM
Genre/form data or focus term príručky
Source of term SNKPH
655 #7 - INDEX TERM--GENRE/FORM
Genre/form data or focus term Handbooks, manuals, etc.
Source of term SNKPHeng
700 1# - ADDED ENTRY--PERSONAL NAME
Personal name Kellow, Juliette
Relationship aut
700 1# - ADDED ENTRY--PERSONAL NAME
Personal name Bukovenová, Katarína
Relationship trl
830 #0 - SERIES ADDED ENTRY--UNIFORM TITLE
Uniform title Príroda
942 ## - ADDED ENTRY ELEMENTS (KOHA)
Source of classification or shelving scheme Dewey Decimal Classification
Koha item type Odborná literatúra pre dospelých
Suppress in OPAC No
Holdings
Stav vyradenia Strata Poškodenie Spôsob nadobudnutia Domovská knižnica Aktuálna knižnica Dátum nadobudnutia Total checkouts Čiarový kód exemplára Date last seen Typ exemplára
      Dar Obecná knižnica Turčianska Štiavnička Obecná knižnica Turčianska Štiavnička 13.05.2026   4738001253 13.05.2026 Odborná literatúra pre dospelých
Projekt je podporený Slovenskou asociáciou knižníc
Prevádzkuje Turčianska knižnica Martin 2026